000 00746nam a2200193Ia 4500
003 GCL
008 140319s9999 xx 000 0 ara d
040 _aGCL /
_cGCL
082 0 4 _a235.2
_bق م
100 1 _aالقرطبى : ابو العباس احمد بن عمر بن ابراهيم بن عمر
245 1 0 _aالمفهم: شرح صحيح مسلم القرطبى /
_cالقرطبى : ابو العباس احمد بن عمر بن ابراهيم بن عمر
700 1 _aالاحمدى ابوالنور
490 _aالهيئة العامة للاستعلامات
_v0
650 0 4 _aالاسلام
650 0 4 _aالحديث - تفسير
650 0 4 _aالاحاديث النبوية
650 0 4 _aصحيح مسلم
942 _2ddc
_cBK
999 _c49624
_d49624